Relationship between clinical symptomatology on the isolation of Salmonella Gallinarum of japanese quail (Coturnix coturnix) (Registro n. 301270)
[ somente texto ]
| 000 -LÍDER | |
|---|---|
| fixed length control field | 04230nab a2200421 i 4500 |
| 003 - CÓDIGO MARC DA AGÊNCIA CATALOGADORA | |
| Campo de controle | BR-BrBNA |
| 005 - DATA E HORA DA ÚLTIMA ATUALIZAÇÃO | |
| Campo de controle | 20240918104716.0 |
| 008 - CAMPO DE TAMANHO FIXO | |
| fixed length control field | 240918b2018 bl.|r|pooa||| 00| 0 eng | |
| 040 ## - FONTE DA CATALOGAÇÃO | |
| Agência catalogadora | BR-BrBNA |
| Idioma da catalogação | eng |
| 072 ## - CATEGORIA AGRIS | |
| Código AGRIS | L73 |
| Código do objeto | 6510 |
| 072 ## - CATEGORIA AGRIS | |
| Código AGRIS | L70 |
| 100 ## - ENTRADA PRINCIPAL - NOME PESSOAL | |
| Nome pessoal | Rocha-e-Silva, R.C. |
| 100 ## - ENTRADA PRINCIPAL - NOME PESSOAL | |
| Nome pessoal | Cardoso, W.M. |
| 100 ## - ENTRADA PRINCIPAL - NOME PESSOAL | |
| Nome pessoal | Horn, R.V. |
| 100 ## - ENTRADA PRINCIPAL - NOME PESSOAL | |
| Nome pessoal | Cavalcanti, C.M. |
| 100 ## - ENTRADA PRINCIPAL - NOME PESSOAL | |
| Nome pessoal | Beleza, A.J.F. |
| 100 ## - ENTRADA PRINCIPAL - NOME PESSOAL | |
| Nome pessoal | Almeida, C.P. |
| 100 ## - ENTRADA PRINCIPAL - NOME PESSOAL | |
| Nome pessoal | Bezerra, W.G.A. |
| 100 ## - ENTRADA PRINCIPAL - NOME PESSOAL | |
| Nome pessoal | Carmo, C.C. |
| 100 ## - ENTRADA PRINCIPAL - NOME PESSOAL | |
| Nome pessoal | Nogueira, C.H.G. |
| 100 ## - ENTRADA PRINCIPAL - NOME PESSOAL | |
| Nome pessoal | Lima, B.P. |
| 100 ## - ENTRADA PRINCIPAL - NOME PESSOAL | |
| Nome pessoal | Marques, A.R. |
| 100 ## - ENTRADA PRINCIPAL - NOME PESSOAL | |
| Nome pessoal | Teixeira, R.S.C. |
| 245 ## - TÍTULO PRINCIPAL | |
| Título principal | Relationship between clinical symptomatology on the isolation of Salmonella Gallinarum of japanese quail (Coturnix coturnix) |
| 500 ## - NOTA GERAL | |
| Nota geral | Publicação online; 27 ref.; 4 tables; Summaries (En, Pt) |
| 942 ## - ADDED ENTRY ELEMENTS (KOHA) | |
| Koha item type | Analítica |
| 520 ## - NOTA DE RESUMO | |
| Nota de conteúdo | <br/><br/>ABSTRACT - Salmonella Gallinarum is capable of causing high mortality in birds of the order Galliformes. This study aimed to relate the presence of clinical signs with the recovery of Salmonella Gallinarum from organs and c loacal swabs of Japanese quails (Coturnix coturnix) experimentally infected. A total of 70 female quails were housed in a pair per cage and divided in two groups (IG: quails inoculated with 1.5x106 CFU of Salmonella Gallinarum Nalr/mL and CG: control group). After the inoculation, birds were evaluated three times a day to verify the presence of clinical signs. Birds that presented ruffled feathers, eyes closed and remained quiet in the cage were removed for euthanasia, as well as the same number of birds from the inoculated groups that presented no clinical signs and from the control group. Cloacal swabbing was performed following euthanasia for the sampling of liver, spleen, caeca, ovarian follicles and lung for microbiological procedure. Quails with clinical signs and quails found dead presented positivity of 100% While inoculated quails with no clinical signs presented a lower positivity (38.5%). Therefore, quails with septicemia caused by SG present clinical signs of the disease and the pathogen can be isolated and quantified in the organs.<br/><br/><br/>Keywords: immune response, isolated, mortality, clinical signs |
| 520 ## - NOTA DE RESUMO | |
| Nota de conteúdo | <br/><br/>RESUMO - Salmonella Gallinarum pode causar alta mortalidade em aves da ordem Galliformes. Objetivou-se neste estudo relacionar a presença de sinais clínicos com a recuperação de Salmonella Gallinarum de órgãos e swabs cloacais de codornas japonesas (Coturnix coturnix) experimentalmente infectadas. Um total de 70 codornas fêmeas foram alojadas em par por gaiola e divididas em dois grupos (IG: codornas inoculadas com 1,5x106 UFC de Salmonella Gallinarum Nalr / mL e CG: grupo controle). Após a inoculação, as aves foram avaliadas três vezes ao dia para se verificar a presença de sinais clínicos. As aves que se apresentaram com penas eriçadas, olhos fechados e permaneciam imóveis na gaiola foram removidas para a eutanásia, assim como o mesmo número de aves dos grupos inoculados que não apresentaram sinais clínicos e do grupo controle. O swab cloacal foi realizado após a eutanásia para a amostragem de fígado, baço, ceco, folículos ovarianos e pulmão para procedimento microbiológico. As codornas com sinais clínicos e as encontradas mortas apresentaram positividade de 100%, enquanto as codornas inoculadas sem sinais clínicos apresentaram menor positividade (38,5%). Portanto, codornas com septicemia causada por SG apresentam sinais clínicos da doença e o patógeno pode ser isolado e<br/>quantificado em diversos órgãos.<br/><br/><br/>Palavras-chave: resposta imunológica, isolada, mortalidade, sinais clínicos |
| 650 ## - ASSUNTO - THESAGRO | |
| Cabeçalho tópico ou nome geográfico | CODORNA |
| 650 ## - ASSUNTO - THESAGRO | |
| Cabeçalho tópico ou nome geográfico | DOENÇA ANIMAL |
| 650 ## - ASSUNTO - THESAGRO | |
| Cabeçalho tópico ou nome geográfico | PATÓGENO |
| 650 ## - ASSUNTO - THESAGRO | |
| Cabeçalho tópico ou nome geográfico | SALMONELLA |
| 650 ## - ASSUNTO - THESAGRO | |
| Cabeçalho tópico ou nome geográfico | MORTALIDADE |
| 650 ## - ASSUNTO - THESAGRO | |
| Cabeçalho tópico ou nome geográfico | IMUNOLOGIA |
| 773 0# - ENTRADA ANALÍTICA | |
| Host Biblionumber | 1643 |
| Registro do item | 318020 |
| Imprenta | Belo Horizonte-MG Universidade Federal de Minas Gerais - Escola de Veterinaria 1983 |
| Outro identificador | 2024-4754 |
| Título | Arquivo Brasileiro de Medicina Veterinária e Zootecnia (Brazil) |
| ISSN | 0102-0935 |
| Colação | v. 70(4) p. 1187-1194; (2018) |
| Número de controle de registro | BR2024002475 |
| 856 ## - ACESSO E ENDEREÇO ELETRÔNICO | |
| Identificador uniforme de recurso - URI | https://www.scielo.br/j/abmvz/a/S48QWDMxPNpjBwrkKWfzMWL/?format=pdf&lang=en |
Nenhum exemplar disponível.

BINAGRI